00687cam a22002173a 450000100060000000300060000600500170001200800410002904000150007004200070008505000070009210000430009924501110014226000290025350600300028251600200031265300430033265300230037583000290039885600420042717450PGUSA20140828083355.0060103s2006||||xxu|||||s|||||000 | eng d aPGUSAbeng adc 4aDU1 aHeeres, J. E.q(Jan Ernst),d1858-193214aThe Part Borne by the Dutch in the Discovery of Australia 1606-1765h[electronic resource] /cJ. E. Heeres bProject Gutenberg,c2006 aPublic domain in the USA. aElectronic text aAustralia -- Discovery and exploration aDutch -- Australia 0aProject Gutenbergv1745040uhttp://www.gutenberg.org/ebooks/17450